MDQL
is popping MORE tags! Check the
thread
!
Quizzes
Events
Quiz Creation
Community
Videos
Private Events
Remove Ads
Sign In
Join for FREE
Feedback
Dark Mode
Quiz Categories
Sports
Geography
Music
Movies
Television
Just For Fun
Miscellaneous
History
Literature
Language
Science
Gaming
Entertainment
Religion
Holiday
For Kids
Quiz Lab
Recent
Popular Today
Quiz Kudos Today
Editor Picks
Curator Picks
Quizzes by...
Day
Popularity
Type
Ratings
Length
Year
Community
Subscriptions
Recent Discussions
Orange Saloon
Badges
Playlists
Quests
Create
Leaderboards
Showdown
Live 5
Trivia Bingo
Activity
Puzzle Library
Sporcle Events
Private Events
Virtual Trivia
Globe League
Become a Host
Pub Owners
SporcleCon
Opinionation
Our Games
Videos
Blog
Mobile Apps
Partnerships
Remove Ads and Go Orange
Feedback
Language
Vocabulary
Begins and Ends
Definition
Spanish
French
German
Italian
Chinese
Latin
Translation
Japanese
Language
Vocabulary
Begins and Ends
Definition
Spanish
French
German
Italian
Chinese
Latin
Translation
Japanese
Random Quiz
Search Sporcle
×
Quiz Lab
Quiz Lab
Language
Sports Franchise
Type in answers that appear in a list
Type in answers that appear in a list
Classic
Best Score? Go Orange.
Curse words Stats
Can you name the Curse words?
By
jsalks0
3m
23 Questions
316 Plays
316 Plays
316 Plays
Comments
Comments
Give Quiz Kudos
Give Quiz Kudos
-
- Ratings
hide this ad
Random Order
Randomize order of answers
Randomize order of answers
Replay
Link that replays current quiz
Next Quiz
Link to next quiz in quiz playlist
You Got
0%
They Got
Avg Score
41%
Avg Friend Score
Upgrade to see
Score Distribution
Jump to the score distribution portion of the page
Score
0/23
Timer
03:00
0
Plays Today
Hints
Answer
% Correct
!@#$ you
****
92.1%
!@#$ I left my homework at home
****
88.3%
I love the book Moby !@#%
Dick
86.1%
Nice !@#$
Ass
86.1%
Son of a !@#$
Bitch
85.8%
You a stupid !@#$
****
63.6%
Lick my !@#$
Pussy
60.5%
I have the biggest !@#$ ever
Cock
59.2%
You momma is a !@#$
****
52.9%
let me play with your !@#$
Tits
43.8%
Your a real!@#$
****
43%
PENIS!!!!
penis
39.9%
Hints
Answer
% Correct
2 girls one !@#$
cup
36.7%
Since I *bleeped* Alex's mom I am a !@#$
****
35.1%
I got to go take a !@#$
Crap
32%
HA! !@#$
gay
16.9%
2 chicks are !@#$
lesbians
10.2%
SHEHBLOIPS!!!!!
SHEHBLOIPS!!!!!
9.5%
Steven
Alphabet
6.8%
Whats up my !@#$
****
5.7%
Zach
Pierce
4.5%
I like !@#$
boobies
4.5%
Hugh
Chin
4.2%
Quiz Playlist
Details
Report
Send in Message
Add To Playlist
Classic:
Type in answers that appear in a list
Random Order:
Randomize order of answers
Last Updated: Feb 16, 2017
Quiz Scoreboard
CHALLENGE
Sign Up to Join the Scoreboard
Show All
Scores
Hide
Comments
May contain spoilers
Recently Published
Colored Red Africa Blitz
by spor1
Geography
30s
Find the 'City' Movie
by crazypaving
Movies
60s
5x2 Blitz: Bands
by SL_Kpop136
Music
30s
More to Explore
Quiz From the Vault
Featured Blog Post
14 Easter Pick-up Lines to Find Eggs With
hide this ad
You Might Also Like...
Tags
Sports Acquisitions
Sports Alliterations
Sports Broadcaster
Sports Cars
Sportscenter
Sports Champions
Sports Championships
Sports ESPN
Sports Franchise
Sports History
Today's Top Quizzes in Language
Browse Language
hide this ad
Today's Top Quizzes in Sports Franchise
Browse Sports Franchise
Top Contributed Quizzes in Language
1
Arabic Numerals
2
1-10 Letter F Words III
3
1-10 Letter G Words III
4
1-10 Letter H Words III
5
1-10 Letter I Words III
6
What Word Starts All?
7
1-10 Letter J Words III
8
1-10 Letter K Words III
9
1-10 Letter L Words III
10
1-10 Letter M Words III
Explore More
Trending Topics
Harry Potter
Crossword
Anime
Kpop
Marvel
Disney
NBA
The Office
Puzzle
Soccer
Pokémon
Song
NFL
WWE
Country
hide this ad
Score Distribution
Quiz Creator Spotlight
jsalks0
Follow
Send a Message
Quizzes Created
-
Created Quiz Play Count
-
Popular Quizzes Today
1
Colored Red Africa Blitz
2
Find the 'City' Movie
3
5x2 Blitz: Bands
4
Find the US States - No Outlines Minefield
5
The Countries of the World
6
Find the US States
7
US States
8
Find the Countries of Europe - No Outlines Minefield
More Language Quizzes
One 6-Letter Anagram
Published
Trending Quizzes
Colored Red Europe Blitz I
Colored Red Africa Blitz II
Colored Red Europe Blitz II
Colored Red Africa Blitz III
Colored Red Europe Blitz III
Recently Updated
How Do You Spell That?
pecheneg
Godzilla Movies
pecheneg
Grab Bag: 4-10 Letters
pecheneg
2024 March Madness Bracket
pecheneg
Famous TV Couples
Peacemaker
Champions League XIs: Real Madrid
pecheneg
Largest US Cities 1790-2010
pecheneg
Rides in Walt Disney World
pecheneg
Most Oscar Losses (Acting)
pecheneg
Beyoncé Albums
pecheneg
Trending Topics
Disney
Harry Potter
Marvel
Anime
Kpop
Crossword
NBA
The Office
Puzzle
Pokémon
WWE
NFL
Song
Soccer
Country
Your Account Isn't Verified!
In order to create a playlist on Sporcle, you need to verify the email address you used during registration. Go to your
Sporcle Settings
to finish the process.
Report this User
Report this user for behavior that violates our
Community Guidelines
.
Details:
Send Report
Go to the Sporcle.com Mobile Site →
Comments